|
|
|
|
| LEADER |
00000nam0a2200000 4500 |
| 001 |
252431 |
| 005 |
20231101232741.0 |
| 035 |
|
|
|a (RuTPU)RU\TPU\book\274772
|
| 090 |
|
|
|a 252431
|
| 100 |
|
|
|a 20140303d1931 m y0rusy50 ca
|
| 101 |
0 |
|
|a rus
|
| 102 |
|
|
|a RU
|
| 105 |
|
|
|a a z 001zy
|
| 200 |
1 |
|
|a Строительство в Германии: из материалов заграничной командировки
|f П. П. Жданов
|g Всесоюзное общество рационализаторов строительства при НК РКИ СССР (ВОРС НК РКИ СССР)
|
| 210 |
|
|
|a Москва
|a Ленинград
|c Техника управления
|d 1931
|
| 215 |
|
|
|a 61 с.
|c ил.
|
| 225 |
1 |
|
|a Библиотека Всесоюзного общества рационализаторов строительства при Народном Комиссариате рабоче-крестьянской инспекции СССР
|
| 225 |
1 |
|
|a Техника управления
|
| 606 |
1 |
|
|a Строительство за рубежом
|2 stltpush
|3 (RuTPU)RU\TPU\subj\57905
|9 75754
|
| 610 |
1 |
|
|a Германия
|
| 610 |
1 |
|
|a строительные материалы
|
| 610 |
1 |
|
|a рациональное проектирование
|
| 610 |
1 |
|
|a экономика
|
| 610 |
1 |
|
|a стройматериалы
|
| 610 |
1 |
|
|a зарубежный опыт
|
| 610 |
1 |
|
|a себестоимость
|
| 610 |
1 |
|
|a гражданские здания
|
| 610 |
1 |
|
|a 20 век
|
| 675 |
|
|
|a 69
|v 3
|
| 700 |
|
1 |
|a Жданов
|b П. П.
|
| 712 |
0 |
2 |
|a Всесоюзное общество рационализаторов строительства при НК РКИ СССР (ВОРС НК РКИ СССР)
|2 stltpush
|3 (RuTPU)RU\TPU\col\19430
|
| 801 |
|
1 |
|a RU
|b 63413507
|c 20140303
|
| 801 |
|
2 |
|a RU
|b 63413507
|c 20140318
|g RCR
|
| 942 |
|
|
|c BK
|